|
LDR
| 01630nam a2200409Ii 4500 |
|---|
| 001 | 147099 |
|---|
| 003 | CONS |
|---|
| 005 | 20180511125704.0 |
|---|
| 008 | 170127s2017 nyua j 000 1 eng d |
|---|
| 020 | | . |
‡a9780736437660 |
|---|
| 020 | | . |
‡a0736437665 |
|---|
| 020 | | . |
‡a9781518253072 |
|---|
| 020 | | . |
‡a1518253075 |
|---|
| 035 | | . |
‡a(CPomAG)LMN606168 |
|---|
| 043 | | . |
‡an-mx--- |
|---|
| 050 | 1 | 4. |
‡aPZ7.1.R582
‡bMi 2017 |
|---|
| 082 | 0 | 4. |
‡a[E]
‡223 |
|---|
| 100 | 1 | . |
‡aRivera-Ashford, Roni Capin,
‡eauthor. |
|---|
| 245 | 1 | 0. |
‡aMiguel and the amazing alebrijes /
‡cby Roni Capin Rivera-Ashford and Aarón Rivera-Ashford ; illustrated by Ricardo De los Angeles. |
|---|
| 246 | 3 | . |
‡aDisney Pixar Coco :
‡bMiguel and the amazing alebrijes |
|---|
| 264 | | 1. |
‡aNew York :
‡bRandom House Children's Books, a division of Penguin Random House, LLC,
‡c©2017. |
|---|
| 300 | | . |
‡a22 unnumbered pages :
‡bcolor illustrations ;
‡c21 cm. |
|---|
| 336 | | . |
‡atext
‡btxt
‡2rdacontent |
|---|
| 336 | | . |
‡astill image
‡bsti
‡2rdacontent |
|---|
| 337 | | . |
‡aunmediated
‡bn
‡2rdamedia |
|---|
| 338 | | . |
‡avolume
‡bnc
‡2rdacarrier |
|---|
| 490 | 1 | . |
‡aA Random House pictureback book |
|---|
| 520 | | . |
‡aA full-color storybook based on the hit film coming to theaters in fall 2017! |
|---|
| 650 | | 0. |
‡aSculpture, Mexican
‡vJuvenile fiction. |
|---|
| 650 | | 0. |
‡aFolk art
‡zMexico
‡vJuvenile fiction. |
|---|
| 700 | 1 | . |
‡aRivera-Ashford, Aarón,
‡eauthor. |
|---|
| 700 | 1 | . |
‡aDe los Angeles, Ricardo,
‡eillustrator. |
|---|
| 730 | 0 | . |
‡iBased on:
‡aCoco (Motion picture) |
|---|
| 830 | | 0. |
‡aRandom House pictureback. |
|---|
| 914 | | . |
‡aSCP_kt |
|---|
| 959 | | . |
‡i32269001061814
‡lBR Riv
‡aJuvenile - Easy
‡tBeginning Reader
‡g18.00 |
|---|
| 852 | | . |
‡p32269001061814
‡jBR Riv
‡gJuvenile - Easy
‡cBeginning Reader
‡y18.00
‡bSBPL |
|---|
| 901 | | . |
‡a147099
‡bUnknown
‡c147099
‡tbiblio |
|---|